Hoofdsteden per Letter - T - Statistieken

Algemene statistieken
  • Deze quiz is 1.290 keer genomen
  • De gemiddelde score is 7 van 11
Antwoordstatistieken
Land Hoofdstad % Correct
Albanië Tirana
85%
Estland Tallinn
80%
Iran Teheran
75%
Japan Tokio
72%
Tunesië Tunis
65%
Oezbekistan Tasjkent
64%
Georgië Tbilisi
63%
Libië Tripoli
61%
Taiwan Taipei
58%
Honduras Tegucigalpa
57%
Bhutan Thimphu
54%
Geen overeenkomende quizzen gevonden
Scoreverdeling
Procent van Mensen met Elke Score
Percentiel versus Aantal Correcte Antwoorden
Uw Scoregeschiedenis
U heeft deze quiz nog niet genomen